ՀՀ Գիտությունների ազգային ակադեմիայի հիմնարար գիտական գրադարան  =   Fundamental Scientific Library of NAS RA

Девонские отложения восточной части Большеземельской тундры / (Record no. 463975)

MARC details
000 -LEADER
fixed length control field 00862nam-a2200217-a-4500
001 - CONTROL NUMBER
control field YSU0068922
003 - CONTROL NUMBER IDENTIFIER
control field AM-YeHGA
005 - DATE AND TIME OF LATEST TRANSACTION
control field 20250617161015.0
008 - FIXED-LENGTH DATA ELEMENTS--GENERAL INFORMATION
fixed length control field 991029s1962 xxu 000 0 rus u
040 ## - CATALOGING SOURCE
Original cataloging agency AM-YeHGA
090 ## - LOCALLY ASSIGNED LC-TYPE CALL NUMBER (OCLC); LOCAL CALL NUMBER (RLIN)
-- 467165
100 10 - MAIN ENTRY--PERSONAL NAME
Personal name Чернов, Георгий Александрович
245 10 - TITLE STATEMENT
Title Девонские отложения восточной части Большеземельской тундры /
Statement of responsibility, etc. Г.А. Чернов ; Отв. ред. В.А. Варсанофьева
260 ## - PUBLICATION, DISTRIBUTION, ETC.
Place of publication, distribution, etc. Л.,
-- Москва :
Name of publisher, distributor, etc. Наука ,
Date of publication, distribution, etc. 1962.
300 ## - PHYSICAL DESCRIPTION
Extent 118 с.
550 ## - ISSUING BODY NOTE
Issuing body note АН СССР. Коми филиал
650 #4 - SUBJECT ADDED ENTRY--TOPICAL TERM
Topical term or geographic name entry element Большеземельские тундры
650 #4 - SUBJECT ADDED ENTRY--TOPICAL TERM
Topical term or geographic name entry element Палеозой
700 1# - ADDED ENTRY--PERSONAL NAME
Personal name Варсанофьева, В.А.
Relationship edt
710 2# - ADDED ENTRY--CORPORATE NAME
Corporate name or jurisdiction name as entry element Ин-т геологии Коми фил. АН СССР
Holdings
Withdrawn status Lost status Source of classification or shelving scheme Damaged status Not for loan Collection Home library Current library Date acquired Total checkouts Full call number Barcode Date last seen Price effective from Koha item type Public note
    Universal Decimal Classification     General Fundamental Scientific Library Fundamental Scientific Library 01/02/2018   РIII/11560 FL0476800 01/02/2018 01/02/2018 Գրքեր / Books 30 Days Loan
    Universal Decimal Classification     General Fundamental Scientific Library Fundamental Scientific Library 01/02/2018   PIII/11346 FL0476692 01/02/2018 01/02/2018 Գրքեր / Books 30 Days Loan


ՀՀ ԳԱԱ հիմնարար գիտական գրադարան
ՀՀ,Երևան 0019
Մարշալ Բաղրամյան 24/6
հեռախոս:(374-10) 52-47-50
Հետադարձ կապ

All site content, except where otherwise noted, is licensed under a
Creative Commons License